Magyarországi ősbemutató Szegeden
Elmentve itt :
| Dokumentumtípus: | Cikk |
|---|---|
| Megjelent: |
1964-04-30
|
| Sorozat: | Délmagyarország
54 No. 100 |
| Kulcsszavak: | Vaszy Viktor, Einem Gottfried von, Szalay Miklós, Versényi Ida, Sándor Lajos, Színházi élet opera Szeged 1964, 1964 |
| Online Access: | http://dmarchiv.bibl.u-szeged.hu/74952 |
| LEADER | 00513nab a2200145 i 4500 | ||
|---|---|---|---|
| 001 | delm74952 | ||
| 005 | 20180928082631.0 | ||
| 008 | 180928s1964 hu o 0|| hun d | ||
| 040 | |a SZTE Délmagyarország Archívum |b hun | ||
| 041 | |a hun | ||
| 245 | 0 | 0 | |a Magyarországi ősbemutató Szegeden |h [elektronikus dokumentum] |
| 260 | |c 1964-04-30 | ||
| 300 | |a 5 | ||
| 490 | 0 | |a Délmagyarország |v 54 No. 100 | |
| 695 | |a Vaszy Viktor, Einem Gottfried von, Szalay Miklós, Versényi Ida, Sándor Lajos, Színházi élet opera Szeged 1964, 1964 | ||